Il Mercante Di Corpi

Salvato in:
Dettagli Bibliografici
Autore principale: Robert Crais
Natura: Libro
Lingua:lingua imprecisata
Pubblicazione: Piemme
Tags: Aggiungi Tag
Nessun Tag, puoi essere il primo ad aggiungerne!!

MARC

LEADER 00000nam a2200000Ia 4500
001 R-825
003 CODICE-MESSINA
005 20260212102458.0
008 260211s9999 xx 000 0 und d
040 |c importazione_messina 
100 |a Robert Crais 
245 0 |a Il Mercante Di Corpi 
260 |b Piemme 
942 |2 ddc  |c BK 
952 |0 0  |1 0  |2 ddc  |4 0  |6 SCAFFALE_7_000000000000000__ROMANZI  |7 0  |9 31652  |a ME  |b ME  |d 2026-02-11  |l 0  |o SCAFFALE 7 - ROMANZI  |p R-825  |r 2026-02-11 23:52:41  |w 2026-02-11  |x [REVISIONARE]  |y BK 
999 |c 27317  |d 27317